000 00300nam a22001337a 4500
008 170712b xxu||||| |||| 00| 0 eng d
020 _a9781582793955
041 _aeng
080 _a038
100 _a13
101 _aFJA
245 _aTHE NEW WEBSTERS DICTIONARY
_cRAPHL.M
942 _2udc
_cBK
999 _c20380
_d20380